| 000 | 00736nam a22002417a 4500 | ||
|---|---|---|---|
| 003 | OSt | ||
| 008 | 260122b |||||||| |||| 00| 0 eng d | ||
| 020 | _a9788119002412 | ||
| 082 |
_a639.80284 _bT16A |
||
| 100 | _aTanveer, M. Mohammad. | ||
| 245 |
_aAquaculture Machineries and Equipments / _cby M. Mohammad Tanveer; R. Pradeep and S. Ayesha Jasmin |
||
| 260 |
_a.- New Delhi _b: NIPA _c, 2023 |
||
| 300 | _a85p. | ||
| 650 | _aTechnology (Applied Sciences) | ||
| 650 | _aAgriculture and Related Technologies | ||
| 650 | _aAquaculture | ||
| 650 | _aAquaculture--Machineries | ||
| 650 | _aAquaculture--Equipment | ||
| 650 | _aFisheries--Equipment | ||
| 700 | _aPradeep, R. | ||
| 700 | _aJasmin, S. Ayesha. | ||
| 942 |
_2ddc _cBK |
||
| 999 |
_c49863 _d49863 |
||